2000s Arsenal XIs - Statistics

General Stats
  • This quiz has been taken 13 times
  • The average score is 26 of 40
Answer Stats
Position Nationality Answer % Correct
FW Netherlands Robin van Persie
100%
FW France Thierry Henry
100%
FW Togo Emmanuel Adebayor
92%
GK Germany Jens Lehmann
92%
DF Ivory Coast Kolo Toure
92%
MF Spain Cesc Fabregas
85%
FW Netherlands Dennis Bergkamp
85%
DF France Bacary Sagna
77%
MF France Patrick Vieira
77%
MF France Robert Pires
77%
MF Belarus Aleksandr Hleb
69%
MF Cameroon Alex Song
69%
DF England Ashley Cole
69%
GK England David Seaman
69%
MF Sweden Freddie Ljungberg
69%
FW Denmark Nicklas Bendtner
69%
FW England Theo Walcott
69%
MF Czech Republic Tomas Rosicky
69%
DF England Tony Adams
69%
DF France Gael Clichy
62%
MF Brazil Gilberto Silva
62%
FW Spain Jose Antonio Reyes
62%
DF Cameroon Lauren
62%
GK Spain Manuel Almunia
62%
MF Netherlands Marc Overmars
62%
FW Nigeria Nwankwo Kanu
62%
DF England Lee Dixon
54%
DF England Martin Keown
54%
MF France Mathieu Flamini
54%
MF France Samir Nasri
54%
DF England Sol Campbell
54%
FW France Sylvain Wiltord
54%
DF France William Gallas
54%
DF Ivory Coast Emmanuel Eboue
46%
MF England Ray Parlour
46%
MF Brazil Denilson
38%
DF France Gilles Grimandi
38%
FW Brazil Julio Baptista
38%
DF Switzerland Philippe Senderos
38%
DF Brazil Sylvinho
31%
No matching quizzes found
Score Distribution
Percent of People with Each Score
Percentile by Number Answered
Your Score History
You have not taken this quiz